| 000 | 00469nam a2200193Ia 4500 | ||
|---|---|---|---|
| 005 | 20250508162949.0 | ||
| 008 | 008 250505s9999 xx 000 0 hin d | ||
| 037 | _aTextual | ||
| 040 |
_aFEDL _beng _cFEDL |
||
| 041 |
_ahin _2eng |
||
| 084 |
_aB, MAR _qFEDL |
||
| 100 |
_aIvanov Nikolayee _9774530 |
||
| 245 | 0 | _aKarl Marx: Sankshipt jiwani | |
| 250 | _a2 | ||
| 260 | _c1983 | ||
| 300 | _a135p | ||
| 942 |
_cTEXL _hB, MAR |
||
| 999 |
_c1379662 _d1379662 |
||